| 000 | 00677nam a2200217Ia 4500 | ||
|---|---|---|---|
| 005 | 20230119113513.0 | ||
| 008 | 210716s2011 xx 000 0 und d | ||
| 020 | _a812591658X | ||
| 040 | _cAIMIT LIBRARY | ||
| 041 | _aeng | ||
| 082 |
_a658.15 _29 _bPANI |
||
| 100 |
_aPandey, I M. _969394 |
||
| 245 |
_aFinancial management / _cBy I M Pandey. |
||
| 250 | _a9th ed. | ||
| 260 |
_aNew Delhi : _bVikas Publishing House Pvt Ltd , _c2011. |
||
| 300 |
_axix,787p. ; _bPB. _c28 cm. |
||
| 650 |
_aConcepts of financial management _969395 |
||
| 650 |
_aValuation of bonds and shares _969396 |
||
| 650 |
_aComplex investment decision _969397 |
||
| 942 |
_2ddc _cBK _e9th _k658.15 PANI |
||
| 999 |
_c203426 _d203426 |
||